Reprezentacja, z którymi Polska nie wygrała - nagła śmierć - Statystyki

Ogólne statystyki
  • Ten quiz został rozwiązany 26 razy
  • Średni wynik to 3 z 6
Answers on the Grid
Answers color-coded by a green-red scale on the quiz's grid according to % correct below.
Brazylia
Mołdawia
Senegal
NIemcy
Argentyna
Ukraina
Nigeria
Francja
Kamerun
Finlandia
Japonia
Haiti
Australia
Holandia
Kuba
Paragwaj
Portugalia
Nowa Zelandia
 
Statystyki odpowiedzi
Odpowiedź % Poprawnych
Senegal
92%
Kamerun
58%
Paragwaj
58%
Australia
50%
Nigeria
50%
Kuba
29%
Nie znaleziono quizów pasujących do podanych kryteriów
Rozkład punktacji
Procent ludzi z każdym wynikiem
Percentyl według liczby udzielonych odpowiedzi
Twoja historia wyników
Nie rozwiązałeś tego quizu